Finančné krytie strát poistením a finančným vrstvením v investičnom rozhodovaní dizertačná práca

Guardado en:
Detalles Bibliográficos
Autor principal: Starečková, Anna
Autor Corporativo: Fakulta hospodárskej informatiky EU. Katedra štatistiky
Otros Autores: Pinda, Ľudovít, 1958-
Formato: Libro
Lenguaje:eslovaco
Publicado: Bratislava 2004
Materias:
Etiquetas: Agregar Etiqueta
Sin Etiquetas, Sea el primero en etiquetar este registro!

MARC

LEADER 00000nam$a2200000$$$4500
001 0036762
005 20230227082650.3
041 0 |a slo 
044 |a SK 
245 1 0 |a Finančné krytie strát poistením a finančným vrstvením v investičnom rozhodovaní  |b dizertačná práca  |c Anna Starečková ; školiteľ: Ľudovít Pinda 
264 1 |a Bratislava  |c 2004 
300 |a 99 s. 
610 2 0 |a prostredie podnikateľské 
610 2 0 |a stabilita finančná 
610 2 0 |a rozhodovanie investičné 
610 2 0 |a riziko 
610 2 0 |a náklady transakčné 
610 2 0 |a poistenie 
610 2 0 |a strata 
100 1 |a Starečková, Anna 
700 1 |a Pinda, Ľudovít, 1958- 
710 2 |a Fakulta hospodárskej informatiky EU. Katedra štatistiky